[Album] Thriller - Michael Jackson - Statistics

General Stats
  • This quiz has been taken 41 times
  • The average score is 7 of 9
Answer Stats
Answer % Correct
Thriller
97%
Beat It
88%
Billie Jean
88%
The Girl Is Mine
88%
P.Y.T.
85%
Human Nature
79%
Wanna Be Startin' Somethin'
74%
Baby Be Mine
68%
The Lady in My Life
62%
No matching quizzes found
Score Distribution
Percent of People with Each Score
Percentile by Number Answered
Your Score History
You have not taken this quiz